<?xml version='1.0' encoding='UTF-8'?>
  <record xmlns="http://www.loc.gov/MARC21/slim">
    <leader>00000ctm a2200000 i 4500</leader>
    <controlfield tag="001">ocn965405191</controlfield>
    <controlfield tag="003">OCoLC</controlfield>
    <controlfield tag="005">20240724231646.2</controlfield>
    <controlfield tag="008">110314q16751679ne            000 0 dut d</controlfield>
    <datafield tag="040" ind1=" " ind2=" ">
      <subfield code="a">QGJ</subfield>
      <subfield code="b">dut</subfield>
      <subfield code="c">QGJ</subfield>
      <subfield code="d">OCLCL</subfield>
      <subfield code="d">OCLCQ</subfield>
    </datafield>
    <datafield tag="035" ind1=" " ind2=" ">
      <subfield code="a">(OCoLC)965405191</subfield>
    </datafield>
    <datafield tag="100" ind1="1" ind2=" ">
      <subfield code="a">Elsevier, Daniël.</subfield>
    </datafield>
    <datafield tag="245" ind1="1" ind2="0">
      <subfield code="a">Brieven van Daniel Elsevier, uitgever te Amsterdam, aan Nicolaas Heinsius</subfield>
      <subfield code="h">[brieven]</subfield>
      <subfield code="f">UBU Hs. 1346.</subfield>
    </datafield>
    <datafield tag="260" ind1=" " ind2=" ">
      <subfield code="a">Amsterdam,</subfield>
      <subfield code="c">1675-1679.</subfield>
    </datafield>
    <datafield tag="300" ind1=" " ind2=" ">
      <subfield code="a">198 p. ;</subfield>
      <subfield code="c">220 x 160 (145 x 198) mm.</subfield>
    </datafield>
    <datafield tag="336" ind1=" " ind2=" ">
      <subfield code="a">text</subfield>
      <subfield code="b">txt</subfield>
      <subfield code="2">rdacontent</subfield>
    </datafield>
    <datafield tag="337" ind1=" " ind2=" ">
      <subfield code="a">unmediated</subfield>
      <subfield code="b">n</subfield>
      <subfield code="2">rdamedia</subfield>
    </datafield>
    <datafield tag="338" ind1=" " ind2=" ">
      <subfield code="a">volume</subfield>
      <subfield code="b">nc</subfield>
      <subfield code="2">rdacarrier</subfield>
    </datafield>
    <datafield tag="340" ind1=" " ind2=" ">
      <subfield code="a">papier.</subfield>
    </datafield>
    <datafield tag="500" ind1=" " ind2=" ">
      <subfield code="a">Bevat 71 brieven. P.A. Tiele, Cat. cod. mss. Bibl. Univ. Rh.-Traj. I, p. 320 vermeldt abusievelijk 73 brieven.</subfield>
    </datafield>
    <datafield tag="500" ind1=" " ind2=" ">
      <subfield code="a">Voor gedrukte uitgave zie: Brieven van Daniël Elsevier aan Nicolaas Heinsius (9 Mei 1675-1 Juli 1679) / volgens het handschrift, bewaard ter Universiteits-bibliotheek te Utrecht, met enkele aant. uitg. door de Vereeniging ter bevordering van de belangen des boekhandels. - Amsterdam : Van Kampen &amp; zoon, 1890.</subfield>
    </datafield>
    <datafield tag="500" ind1=" " ind2=" ">
      <subfield code="a">Formaat van de brieven varieert; sommige zijn uitvouwbaar.</subfield>
    </datafield>
    <datafield tag="524" ind1=" " ind2=" ">
      <subfield code="a">Te citeren als: Universiteitsbibliotheek Utrecht Hs. 1346.</subfield>
    </datafield>
    <datafield tag="563" ind1=" " ind2=" ">
      <subfield code="a">Halfperkamenten band over kartonnen platten.</subfield>
    </datafield>
    <datafield tag="581" ind1=" " ind2=" ">
      <subfield code="a">[P.A. Tiele], Catalogus codicum manu scriptorum Bibliothecae Universitatis Rheno-Trajectinae. I. Trajecti ad Rhenum / Hagae Comitis 1887. p. 320.</subfield>
    </datafield>
    <datafield tag="581" ind1=" " ind2=" ">
      <subfield code="a">D. Elsevier, Brieven van Daniël Elsevier aan Nicolaas Heinsius (9 mei 1675-1 juli 1679). Volgens het handschrift, bewaard ter Universiteits-bibliotheek te Utrecht, met enkele aant. uitg. door de Vereeniging ter bevordering van de belangen des boekhandels. Amsterdam 1890.</subfield>
    </datafield>
    <datafield tag="581" ind1=" " ind2=" ">
      <subfield code="a">A. Willems, Les Elzevier. Histoire et annales typographiques. Bruxelles [etc.] 1880. p. xxxvi, ccxli-ccxlii, 389-391.</subfield>
    </datafield>
    <datafield tag="600" ind1="1" ind2="4">
      <subfield code="a">Elsevier, Daniël.</subfield>
    </datafield>
    <datafield tag="600" ind1="1" ind2="4">
      <subfield code="a">Heinsius, Nicolaas,</subfield>
      <subfield code="d">1620-1681.</subfield>
    </datafield>
    <datafield tag="655" ind1=" " ind2="7">
      <subfield code="a">Handschriften (vorm)</subfield>
      <subfield code="0">(NL-LeOCL)088143309.</subfield>
      <subfield code="2">gtt</subfield>
    </datafield>
    <datafield tag="758" ind1=" " ind2=" ">
      <subfield code="a">UBU Hs. 1346 Brieven van Daniel Elsevier, uitgever te Amsterdam, aan Nicolaas Heinsius (Text)</subfield>
      <subfield code="1">https://id.oclc.org/worldcat/entity/E39PCYPYQrpHW49WypmhbbRrmd</subfield>
      <subfield code="4">https://id.oclc.org/worldcat/ontology/hasWork</subfield>
    </datafield>
    <datafield tag="856" ind1="4" ind2="1">
      <subfield code="u">http://objects.library.uu.nl/reader/resolver.php?obj=002338387&amp;type=2</subfield>
      <subfield code="x">Online</subfield>
      <subfield code="z">Full text</subfield>
    </datafield>
    <datafield tag="936" ind1=" " ind2=" ">
      <subfield code="a">BATCHLOAD</subfield>
    </datafield>
  </record>